Πολιτισμός - γράμματα - τέχνες : πολιτισμός - επιστήμες - λογοτεχνία - μουσική - θέατρο - κινηματογράφος - παγκόσμια αριστουργήματα

Αποθηκεύτηκε σε:
Λεπτομέρειες βιβλιογραφικής εγγραφής
Κύριος συγγραφέας: Curcio, Armando, 1900-1957
Μορφή: Βιβλίο
Γλώσσα:Greek
Italian
Δημοσίευση: Αθήναι : Χάρης Ζολινδάκης, c1968
Θέματα:
Ετικέτες: Προσθήκη ετικέτας
Δεν υπάρχουν, Καταχωρήστε ετικέτα πρώτοι!

MARC

LEADER 00000cam a2200000 i 4500
001 1/20751
008 051214m1968 gr | ||| |||| ||gre||
035 |l 10081694 
040 |a GR-MY-UA  |b gre  |e aacr 
041 0 |a gre  |h ita 
082 0 |a 035.1  |2 (22) 
100 1 |a Curcio, Armando,   |d 1900-1957. 
245 1 0 |a Πολιτισμός - γράμματα - τέχνες :  |b πολιτισμός - επιστήμες - λογοτεχνία - μουσική - θέατρο - κινηματογράφος - παγκόσμια αριστουργήματα /  |c Curcio 
260 |a Αθήναι :   |b Χάρης Ζολινδάκης,   |c c1968 
300 |a 6 τ.;  |c 29 εκ. 
500 |a Άνω του τίτλου: Παγκόσμιος εικονογραφημένη εγκυκλοπαίδεια γενικής επιμορφώσεως 
505 0 |a Τ.1. Η ιστορία του πολιτισμού. - τ.2. Η ιστορία του πολιτισμού. - τ.3. Η μουσική και οι συνθέτες. - τ.4. Το θέατρο και οι δημιουργοί του. - τ.5. Ο κόσμος του κινηματογράφου. - τ.6. Η παγκόσμια λογοτεχνία 
650 0 0 |a Encyclopedias and dictionaries, Italian. 
852 |a INST  |b RHODES  |c KRI  |e 20051214  |h  035.1 CUR  |p 005400021810  |q 005400021810  |t REF  |v τ.6:  |y 23  |z τ.6 
852 |a INST  |b RHODES  |c KRI  |e 20051214  |h  035.1 CUR  |p 005400028675  |q 005400028675  |t REF  |v τ.1:  |y 23  |z τ.1 
852 |a INST  |b RHODES  |c KRI  |e 20051214  |h  035.1 CUR  |p 005400028676  |q 005400028676  |t REF  |v τ.3:  |y 23  |z τ.3 
852 |a INST  |b RHODES  |c KRI  |e 20051214  |h  035.1 CUR  |p 005400028677  |q 005400028677  |t REF  |v τ.4:  |y 23  |z τ.4 
852 |a INST  |b RHODES  |c KRI  |e 20051214  |h  035.1 CUR  |p 005400028678  |q 005400028678  |t REF  |v τ.5:  |y 23  |z τ.5 
852 |a INST  |b RHODES  |c KRI  |e 20051214  |h  035.1 CUR  |p 005400028679  |q 005400028679  |t REF  |v τ.2:  |y 23  |z τ.2 
853 |a INST  |b RHODES  |c KRI  |h  035.1 CUR 
901 |a BIBL4-2005-3 
909 |a Ρ  |b 122791 
909 |a Ρ  |b 122792 
909 |a Ρ  |b 122793 
909 |a Ρ  |b 122794 
909 |a Ρ  |b 122795 
909 |a Ρ  |b 122796 
970 |a ΚΟΖΑ  |b ΜΑΡΙΑ  |z 2005/12/14